Statistics for Most Indian Countries in the World Quiz (with map)

Click here to take the quiz!

General Stats

  • This quiz has been taken 150 times
  • The average score is 8 of 16

Answer Stats

% Countries % Correct
100India
99%
14Nepal
74%
37United Arab Emirates
63%
12Saudi Arabia
60%
25Qatar
59%
15Oman
56%
8Malaysia
54%
9Singapore
53%
29Bahrain
52%
16Kuwait
52%
33Fiji
37%
77Mauritius
35%
43Guyana
25%
27Suriname
21%
46Trinidad & Tobago
19%
6Saint Vincent and the Grenadines
5%

Score Distribution

Percentile by Number Answered

Percent of People with Each Score

Your Score History

You have not taken this quiz